Sanat - "Krokotiili Herbertti" - Statistics

Yleistilastot
  • Tätä visaa on pelattu 7 kertaa
  • Keskiarvotulos 98 / 107
Vastaustilastot
Vastaus % Oikein
ajeli
100%
briljantteja
100%
Herbertti
100%
hieno
100%
ja
100%
kaulassansa
100%
kaveri
100%
kravatti
100%
Kristiina
100%
Krokotiili
100%
krokotiili
100%
kruunussa
100%
kultakruunu
100%
neidin
100%
neiti
100%
nimeltänsä
100%
oli
100%
paras
100%
prinsessa
100%
sillään
100%
suussa
100%
traktorilla
100%
banaani
75%
kiipesi
75%
kruunussaan
75%
kutreillaan
75%
tiellä
75%
traktorille
75%
Tuli
75%
vastaan
75%
joskus
50%
kas
25%
suussaan
25%
traktorillaan
25%
Ehtoja vastaavia visoja ei löytynyt
Tulosjakauma
Jokaisen tuloksen saaneiden osuus
Persentiili vastausten määrän mukaan
Tuloshistoriasi
Et ole pelannut tätä visaa